Sobranecký región a možnosti jeho rozvoja diplomová práca

Na minha lista:
Detalhes bibliográficos
Autor principal: Kasardová, Alena
Autor Corporativo: Podnikovohospodárska fakulta EU so sídlom v Košiciach. Katedra ekonómie
Outros Autores: Pétrová, Rozália
Formato: Livro
Idioma:eslovaco
Publicado em: Košice 2009
Tags: Adicionar Tag
Sem tags, seja o primeiro a adicionar uma tag!

MARC

LEADER 00000nam$a2200000$$$4500
001 0098807
005 20240827093007.2
041 0 |a slo 
044 |a SK 
245 1 0 |a Sobranecký región a možnosti jeho rozvoja  |b diplomová práca  |c Alena Kasardová ; škol. Rozália Pétrová 
264 1 |a Košice  |c 2009 
300 |a 90 s. 
100 1 |a Kasardová, Alena 
700 1 |a Pétrová, Rozália 
710 2 |a Podnikovohospodárska fakulta EU so sídlom v Košiciach. Katedra ekonómie